|
|
|
|
| LEADER |
00856nam a22002417a 4500 |
| 001 |
AAL8136 |
| 003 |
BD-DhAAL |
| 005 |
20160409152022.0 |
| 008 |
160409s 2010ii ||||| |||| 00| 0 eng d |
| 020 |
|
|
|a 9780143068600
|
| 040 |
|
|
|a BD-DhAAL
|c BD-DhAAL
|
| 082 |
|
|
|a 813/.54
|
| 100 |
|
|
|a Doyle, Arthur Conan
|9 19073
|
| 245 |
|
|
|a Classic Sherlock Holmes /
|c Arthur Conan Doyle
|
| 260 |
|
|
|a New Delhi,
|b Penguin,
|c 2010.
|
| 300 |
|
|
|a 1122 p. ;
|c 22 cm.
|
| 541 |
|
|
|e 8136
|
| 600 |
|
|
|a Watson, John H. (Fictitious character)
|v Fiction.
|9 19074
|
| 650 |
|
|
|a Holmes, Sherlock
|x Fiction.
|9 19075
|
| 852 |
|
|
|a Savar Campus Library
|c General Shelf
|
| 942 |
|
|
|2 ddc
|c BK
|
| 999 |
|
|
|c 37414
|d 37414
|
| 952 |
|
|
|0 0
|1 0
|2 ddc
|4 0
|6 813_000000000000000__54_DOY
|7 0
|9 58749
|a SCL
|b SCL
|c GEN
|d 2016-04-09
|g 1080.00
|l 19
|m 55
|o 813.54 DOY
|p 3020008136
|r 2025-06-30
|s 2025-06-22
|t 1
|w 2016-04-09
|y BK
|